Bilecik Bilecik Bilecik Bilecik Bilecik

17. Milli Eğitim Şurası : (Record no. 36088)

MARC details
000 -BAŞLIK
Sabit Uzunluktaki Kontrol Alanı 01184nam a22003017a 4500
001 - KONTROL NUMARASI
Control Dosyası 0036188
003 - KONTROL NUMARASI KİMLİĞİ
Kontrol Alanı KOHA_MİRAKIL
005 - EN SON İŞLEM TARİHİ ve ZAMANI
Kontrol Alanı 20260207003000.0
007 - FİZİKSEL TANIM SABİT ALAN - GENEL BİLGİ
Sabit uzunluklu kontrol alanı ta
008 - SABİT UZUNLUKTAKİ VERİ ÖGELERİ - GENEL BİLGİ
Sabit Alan 120411b2007 tu a|||gr||||#||||0|tur |
020 ## - ISBN - ULUSLARARASI STANDART KİTAP NUMARASI
Isbn 9789751128959
020 ## - ISBN - ULUSLARARASI STANDART KİTAP NUMARASI
Isbn 9751128951
Kullanılabilirlik koşulları ,01
040 ## - KATALOGLAMA KAYNAĞI
Özgün Kataloglama Kurumu TR-BiSEU
Kataloglama Dili tur
Çeviri Kurumu TR-BiSEU
Açıklama Kuralları rda
041 0# - DİL KODU
Metin ya da ses kaydının dil kodu tur
044 ## - YAYINLAYAN/ÜRETEN KURULUŞUN ÜLKE KODU
ISO country code tu
050 ## - SINIFLAMA ve YER NUMARASI
Sınıflama Numarası LA942
Yer Numarası .M55 2007
100 0# - KİŞİ ADI
Yazar Adı (Kişi adı) Milli Eğitim Bakanlığı.
245 1# - ESER ADI BİLDİRİMİ
Başlık 17. Milli Eğitim Şurası :
Alt Eseradı vb. Türk milli eğitim sisteminde kademeler arası geçişler, yönlendirme ve sınav sistemi, küreselleşme ve AB sürecinde Türk eğitim sistemi :raporlar, görüşmeler ve kararlar/
Sorumluluk Bildirimi Milli Eğitim Bakanlığı ; Milli Eğitim Bakanlığı.
246 ## - DEĞİŞİK BAŞLIK FORMU
Başlık uygun / kısa başlık Milli Eğitim Şurası
Number of part/section of a work (17th: 2006 Ankara)
264 #1 - ÜRERİM, YAYIN, DAĞITIM ve TELİF BİLDİRİMİ
Yayın yeri Ankara :
Yayınlayan T.C. Milli Eğitim Bakanlığı Talim ve Terbiye Kurulu Başkanlığı
Yayın tarihi 2007
300 ## - FİZİKSEL TANIMLAMA
Sayfa, Cilt vb. xxvii, 404 sayfa :
Diğer fiziki detaylar resimli
336 ## - İÇERİK TÜRÜ
Content type term metin
Content type code txt
Source rdacontent
337 ## - MEDYA TÜRÜ
Media type term aracısız
Media type code n
Source rdamedia
338 ## - TAŞIYICI TÜRÜ
Carrier type term cilt
Carrier type code nc
Source rdacarrier
650 #0 - KONU BAŞLIĞI EK GİRİŞ - KONU TERİMİ
Konusal terim veya coğrafi ad Eğitim politikası--Türkiye--Kongreler.
9 (RLIN) 11091
650 #0 - KONU BAŞLIĞI EK GİRİŞ - KONU TERİMİ
Konusal terim veya coğrafi ad Education--Turkey--Congresses.
9 (RLIN) 6004
942 ## - EK GİRİŞ ÖGELERİ (KOHA)
Source of classification or shelving scheme Library of Congress Classification
Koha item type Book
Holdings
Materyal Türü Kalıcı Konum Mevcut Konum Raf Yeri Sınıflandırma Kaynağı Edinim Bilgisi Ana Konular Alt Konular Yer Numarası Demirbaş Numarası Fatura Tarihi Geri Çekilme Durumu Kayıp Durumu Hasarlı Durumu Kredi için değil Kayıt Tarih Toplam Ödünçverme Son Görülme Tarihi Son Kontrol Tarihi Genel / Bağış Notu
Book Prof. Dr. Azmi Özcan Kütüphanesi Prof. Dr. Azmi Özcan Kütüphanesi Uluğbey Salonu Library of Congress Classification Bağış EĞİTİM Eğitim Tarihi LA942 .M55 2007 0036188 02/02/2026         11/04/2012   05/12/2024 05/12/2024 Genel Bağış